Caroli Linnaei ... Bibliotheca botanica : recensens libros plus mille de plantis huc usque editos : secundum systema auctorum naturale in classes, ordines, genera & species dispositos, additis editionis loco, tempore, forma, lingua, &c.
Disimpan dalam:
| Pengarang Utama: | |
|---|---|
| Format: | Buku |
| Bahasa: | Latin |
| Diterbitkan: |
Amstelodami :
Apud viduam S. Schouten & Filium,
1751.
|
| Edisi: | Editio altera priori longe auctior & emendatior. |
| Subjek-subjek: | |
| Penanda-penanda: |
Tambah Penanda
Tiada Penanda, Jadilah orang pertama menanda rekod ini!
|
| LEADER | 01479cam a2200349Ia 4500 | ||
|---|---|---|---|
| 001 | 006802417-7 | ||
| 005 | 20121113101210.0 | ||
| 008 | 871218s1751 ne b 001 0 lat d | ||
| 010 | |a agr11000895 | ||
| 035 | 0 | |a ocm17257050 | |
| 040 | |a VXG |c VXG |d OLM |d BOH | ||
| 050 | 4 | |a QK91 |b .B5 1751 | |
| 090 | |a QK91 |b .B5 1751 | ||
| 100 | 1 | |a Linné, Carl von, |d 1707-1778. | |
| 245 | 1 | 0 | |a Caroli Linnaei ... Bibliotheca botanica : |b recensens libros plus mille de plantis huc usque editos : secundum systema auctorum naturale in classes, ordines, genera & species dispositos, additis editionis loco, tempore, forma, lingua, &c. |
| 246 | 3 | |a Bibliotheca botanica. | |
| 250 | |a Editio altera priori longe auctior & emendatior. | ||
| 260 | |a Amstelodami : |b Apud viduam S. Schouten & Filium, |c 1751. | ||
| 300 | |a [14], 220, [13] p. ; |c 21 cm. | ||
| 500 | |a Includes index. | ||
| 510 | 4 | |a Stafleu and Cowan (2nd ed.) |c 4711 | |
| 510 | 4 | |a Pritzel, 2d ed. |c 5406 | |
| 510 | 4 | |a B.M. |c 252 | |
| 510 | 4 | |a Krok |c 147 | |
| 510 | 4 | |a Pritzel (2nd ed.) |c 5406 | |
| 650 | 0 | |a Botany |v Pre-Linnean works |v Bibliography. | |
| 650 | 0 | |a Botany |v Bibliography. | |
| 650 | 0 | |a Plants |v Classification. | |
| 650 | 0 | |a Plants |v Classification |v Bibliography. | |
| 776 | 0 | 8 | |i Online version: |a Linné, Carl von, 1707-1778. |t Caroli Linnaei ... Bibliotheca botanica. |b Editio altera priori longe auctior & emendatior. |d Amstelodami : Apud viduam S. Schouten & Filium, 1751 |w (OCoLC)719403555 |
| 988 | |a 20020608 | ||
| 906 | |0 OCLC | ||


